00752nam a2200169Ia 4500001001000000003000500010008004100015010001100056040000900067100003000076245024400106260003500350300001000385502010900395650002500504710005300529Para_3193CHAP220125s1986 xx 000 0 und d a201655 cCHAP aZárate Méndez, Rafael aDinámica poblacional del piojo harinoso Dysmicoccus brevipes CKL vector del virus de la marchítez roja de la piña Aranas comosus (L) Meer y su combate químico en la cuenca baja del Papaloapan, México /c Rafael Zárate Méndez aChapingo, Méx. :b El autor a61 h. aTesis (Ing. Agr. Esp. en Parasitología Agrícola) -- UACh. Departamento de Parasitología Agrícola aDysmicoccus brevipes aUACh. Departamento de Parasitología Agrícola